000
00333nam a2200133Ia 4500
005
20250603145956.0
008
250603s9999 xx 000 0 und d
245
0
_a
Transformation agenda : executive summary of part 1 of the mid-term report
260
_a
Abuja
260
_c
2013
300
_a
58 p
650
_a
Abuja
942
_c
BK
999
_c
43405
_d
43405